000 00229nam a2200097Ia 4500
008 230915s9999 xx 000 0 und d
050 _aTS 161.D 38 2001 C.3
100 _aDATTA,A.K
245 0 _aMATERIALS MANAGEMENT
942 _cBK
999 _c205819
_d205819